| 000 | 00000nam 2200000za 4500 |
| 001 | 9.853851 |
| 003 | CaOODSP |
| 005 | 20221107154928 |
| 007 | cr ||||||||||| |
| 008 | 180319s2018 pica o f000 0 eng d |
| 020 | |a9780660258089|z9780660258102 |
| 040 | |aCaOODSP|beng |
| 043 | |an-cn--- |
| 086 | 1 |aV32-105/2018E-PDF|zV32-105/2018 |
| 245 | 00|aCanada remembers the Korean War |h[electronic resource]. |
| 260 | |a[Charlottetown, P.E.I.] : |bVeterans Affairs Canada, |cc2018. |
| 300 | |a[3] p. : |bill. |
| 500 | |aIssued also in French under title: Le Canada se souvient de la guerre de Corée. |
| 500 | |aCaption title. |
| 500 | |aThe catalogue number (V32-105/2018) and ISBN (978-0-660-25810-2) for the bilingual print edition have been copied in this electronic publication. |
| 500 | |aIssued also in HTML format. |
| 530 | |aIssued also in bilingual print format. |
| 692 | 07|2gccst|aMilitary history |
| 693 | 4|aKorean War, 1950-1953 |
| 710 | 1 |aCanada. |bVeterans Affairs Canada. |
| 775 | 08|tLe Canada se souvient de la guerre de Corée |w(CaOODSP)9.853853 |
| 776 | 0#|tCanada remembers the Korean War |w(CaOODSP)9.853856 |
| 795 | |tCanada remembers - the Korean War |w(CaOODSP)9.694235 |
| 856 | 40|qPDF|s6.26 MB|uhttps://publications.gc.ca/collections/collection_2018/acc-vac/V32-105-2018-eng.pdf |